[Event "EUSA open blitz"]
[Site "Budapest"]
[Date "2019.07.28"]
[Round "1.1"]
[White "Smolka, Marcin"]
[Black "Chigaev, Maksim"]
[Result "0-1"]
[WhiteElo "2178"]
[BlackElo "2640"]
[PlyCount "72"]
[EventDate "2019.07.28"]
[EventType "swiss"]
[EventRounds "9"]
[EventCountry "HUN"]

1. e4 e5 2. Nf3 Nc6 3. Bc4 Nf6 4. d3 h6 5. c3 d6 6. Bb3 g5 7. h3 Bg7 8. Be3 Ne7
9. Nbd2 Ng6 10. g3 Qe7 11. Qe2 Bd7 12. O-O-O a6 13. Rhe1 c5 14. Bd5 Nxd5 15.
exd5 f5 16. Nb3 b6 17. Bd2 O-O 18. h4 g4 19. Nh2 Qf7 20. c4 a5 21. Bc3 a4 22.
Nd2 b5 23. cxb5 Qxd5 24. h5 Ne7 25. Nc4 Bxb5 26. Nb6 Qxa2 27. Nxa8 Rxa8 28. Qc2
Nd5 29. Qb1 Qb3 30. Qc2 Qa2 31. Qb1 Qxb1+ 32. Kxb1 a3 33. Nf1 axb2 34. Bxb2 Nb4
35. Re3 Rf8 36. Nd2 Bxd3+ 0-1

[Event "EUSA open blitz"]
[Site "Budapest"]
[Date "2019.07.28"]
[Round "1.2"]
[White "Predke, Alexandr"]
[Black "Voros, Gellert"]
[Result "1-0"]
[WhiteElo "2632"]
[BlackElo "2164"]
[PlyCount "71"]
[EventDate "2019.07.28"]
[EventType "swiss"]
[EventRounds "9"]
[EventCountry "HUN"]

1. Nc3 e5 2. Nf3 Nc6 3. d4 exd4 4. Nxd4 Nf6 5. Bg5 Be7 6. Nf5 O-O 7. Nxe7+ Nxe7
8. Bxf6 gxf6 9. Qd4 Nc6 10. Qh4 f5 11. Qg3+ Kh8 12. O-O-O d6 13. Nd5 Be6 14.
Qc3+ f6 15. e3 Bxd5 16. Rxd5 Ne7 17. Rd2 c6 18. h3 d5 19. g4 Qe8 20. Bd3 Qf7
21. Kb1 Rae8 22. Qd4 a6 23. Rdd1 Rg8 24. Qf4 Rg5 25. f3 Ng6 26. Qd4 fxg4 27.
hxg4 Re7 28. Rdg1 Rge5 29. e4 dxe4 30. Bxe4 c5 31. Qd6 Nf8 32. a3 Rd7 33. Qb8
Re8 34. Qf4 Red8 35. g5 fxg5 36. Qxg5 1-0

[Event "EUSA open blitz"]
[Site "Budapest"]
[Date "2019.07.28"]
[Round "1.3"]
[White "Grimm, Gyorgy"]
[Black "Harutyunian, Tigran K"]
[Result "0-1"]
[WhiteElo "2141"]
[BlackElo "2552"]
[PlyCount "68"]
[EventDate "2019.07.28"]
[EventType "swiss"]
[EventRounds "9"]
[EventCountry "HUN"]

1. e4 e5 2. Nf3 Nc6 3. Bb5 a6 4. Ba4 Nf6 5. d3 b5 6. Bb3 Bc5 7. a4 Rb8 8. axb5
axb5 9. Nc3 h6 10. O-O d6 11. h3 O-O 12. Ne2 Be6 13. c3 b4 14. Bxe6 fxe6 15. d4
exd4 16. cxd4 Bb6 17. Ng3 Qe8 18. b3 e5 19. Bb2 exd4 20. Nxd4 Ne5 21. Ndf5 Qf7
22. Bxe5 dxe5 23. Qc2 Rbd8 24. Rfd1 Kh7 25. Rxd8 Rxd8 26. Rd1 Rxd1+ 27. Qxd1 g6
28. Nh4 Bxf2+ 29. Kxf2 Nxe4+ 30. Kg1 Qf2+ 31. Kh1 Nxg3+ 32. Kh2 Nf1+ 33. Kh1 h5
34. Qd7+ Kh6 0-1

[Event "EUSA open blitz"]
[Site "Budapest"]
[Date "2019.07.28"]
[Round "1.4"]
[White "Shevchenko, Kirill"]
[Black "Otegenov, Sultan"]
[Result "1-0"]
[WhiteElo "2536"]
[BlackElo "2136"]
[PlyCount "63"]
[EventDate "2019.07.28"]
[EventType "swiss"]
[EventRounds "9"]
[EventCountry "HUN"]

1. d4 Nf6 2. c4 g6 3. Nc3 Bg7 4. e4 O-O 5. Nf3 d6 6. Be3 h6 7. Be2 e5 8. h3 Nc6
9. d5 Ne7 10. Nd2 c6 11. O-O c5 12. f4 exf4 13. Bxf4 Ne8 14. Nf3 f5 15. e5 dxe5
16. Bxe5 Nd6 17. Qd2 Ne4 18. Nxe4 fxe4 19. Bxg7 Kxg7 20. Qc3+ Kh7 21. Nd2 Nf5
22. Nxe4 Nd4 23. Bd3 b6 24. Rxf8 Qxf8 25. Rf1 Bf5 26. Ng3 Re8 27. Bxf5 gxf5 28.
Qd3 Kg6 29. Nxf5 Nxf5 30. g4 Re5 31. Rxf5 Rxf5 32. Qxf5+ 1-0

[Event "EUSA open blitz"]
[Site "Budapest"]
[Date "2019.07.28"]
[Round "1.5"]
[White "Kalogridakis, Georgios"]
[Black "Korpa, Bence"]
[Result "1/2-1/2"]
[WhiteElo "2134"]
[BlackElo "2523"]
[PlyCount "123"]
[EventDate "2019.07.28"]
[EventType "swiss"]
[EventRounds "9"]
[EventCountry "HUN"]

1. e4 c5 2. Nf3 e6 3. d4 cxd4 4. Nxd4 Nc6 5. Nc3 Qc7 6. Be3 Nf6 7. Qd2 Nxd4 8.
Bxd4 e5 9. Be3 Bb4 10. f3 d6 11. a3 Bxc3 12. Qxc3 Qxc3+ 13. bxc3 Be6 14. Rb1 b6
15. Kd2 Ke7 16. Bd3 Nd7 17. a4 Rhc8 18. a5 Rab8 19. Rb5 a6 20. Rxb6 Nxb6 21.
axb6 Bc4 22. Ra1 Rb7 23. Bxc4 Rxc4 24. Rxa6 Kd7 25. Kd3 Rc8 26. Ra5 Kc6 27. c4
h5 28. c5 Rd8 29. cxd6 Rxd6+ 30. Kc3 f6 31. Ra8 Kb5 32. Kb3 Rd1 33. Rc8 Rb1+
34. Kc3 Rd7 35. Rc7 Rd8 36. Rxg7 Re1 37. Bd2 Re2 38. Bh6 Rc8+ 39. Kd3 Rexc2 40.
Bd2 Rb2 41. b7 Rd8+ 42. Kc3 Rbxd2 43. b8=Q+ Rxb8 44. Kxd2 Kc4 45. Rg6 Kd4 46.
Rxf6 Rb2+ 47. Kc1 Rxg2 48. h4 Rh2 49. f4 Rxh4 50. fxe5 Kxe5 51. Rh6 Kxe4 52.
Kd2 Kf3 53. Ke1 Rh1+ 54. Kd2 Rh4 55. Rf6+ Kg2 56. Ke3 Rh3+ 57. Ke2 h4 58. Rf2+
Kg1 59. Rf1+ Kg2 60. Rf2+ Kg3 61. Rf3+ Kg4 62. Rxh3 1/2-1/2

[Event "EUSA open blitz"]
[Site "Budapest"]
[Date "2019.07.28"]
[Round "1.6"]
[White "Golubka, Petro"]
[Black "Manole, Stefan"]
[Result "1-0"]
[WhiteElo "2483"]
[BlackElo "2086"]
[PlyCount "41"]
[EventDate "2019.07.28"]
[EventType "swiss"]
[EventRounds "9"]
[EventCountry "HUN"]

1. d4 d5 2. Nf3 Nf6 3. c4 c6 4. Nc3 dxc4 5. a4 Bf5 6. Ne5 e6 7. f3 Nbd7 8. e4
Bg6 9. Nxc4 Be7 10. Be3 O-O 11. Be2 Rc8 12. O-O Qc7 13. Qe1 Rfd8 14. Qf2 c5 15.
Nb5 Qb8 16. a5 a6 17. Nc3 cxd4 18. Bxd4 Bc5 19. Rfd1 Qa7 20. Bxc5 Rxc5 21. b4
1-0

[Event "EUSA open blitz"]
[Site "Budapest"]
[Date "2019.07.28"]
[Round "2.1"]
[White "Chigaev, Maksim"]
[Black "Molenda, Marcin"]
[Result "1-0"]
[WhiteElo "2640"]
[BlackElo "2387"]
[PlyCount "41"]
[EventDate "2019.07.28"]
[EventType "swiss"]
[EventRounds "9"]
[EventCountry "HUN"]

1. e4 c5 2. Nf3 e6 3. d4 cxd4 4. Nxd4 Nc6 5. Nc3 Qc7 6. a3 a6 7. Be3 b5 8. Qf3
Ne5 9. Qg3 Nf6 10. f4 Nc4 11. Bxc4 Qxc4 12. e5 Nh5 13. Qf3 Bc5 14. Qxa8 Bxd4
15. Bxd4 Qxd4 16. Qxc8+ Ke7 17. Qxh8 Qe3+ 18. Kd1 Nxf4 19. Qxg7 Ng6 20. Qf6+
Ke8 21. Re1 1-0

[Event "EUSA open blitz"]
[Site "Budapest"]
[Date "2019.07.28"]
[Round "2.2"]
[White "Kalogeris, Ioannis"]
[Black "Predke, Alexandr"]
[Result "0-1"]
[WhiteElo "2376"]
[BlackElo "2632"]
[PlyCount "108"]
[EventDate "2019.07.28"]
[EventType "swiss"]
[EventRounds "9"]
[EventCountry "HUN"]

1. d4 Nf6 2. Nf3 e6 3. c4 b6 4. a3 Bb7 5. Nc3 Ne4 6. Nxe4 Bxe4 7. Nd2 Bg6 8. g3
Nc6 9. e3 e5 10. d5 Na5 11. b4 Nb7 12. Bg2 Bd6 13. Bb2 O-O 14. O-O a5 15. Bc3
Qe7 16. Qb3 f5 17. f3 h5 18. Rae1 axb4 19. axb4 h4 20. f4 e4 21. Ra1 Bh5 22.
Kf2 Bg4 23. Rfc1 Kf7 24. Qb2 Kg8 25. Bf1 Rfb8 26. Rcb1 Nd8 27. Rxa8 Rxa8 28.
Qc2 Nf7 29. Qb2 Nh6 30. Kg1 Bh5 31. Bh3 Qf7 32. Bd4 Bf8 33. Be5 d6 34. Bd4 Bg4
35. Bg2 Qh5 36. h3 Be2 37. g4 fxg4 38. Nxe4 gxh3 39. Bxh3 Bd3 40. Ng5 Bf5 41.
Bxf5 Nxf5 42. Re1 Qg4+ 43. Qg2 Ng3 44. Qf3 Qf5 45. e4 Qg6 46. Qg4 Ra2 47. f5
Qh6 48. Be3 Qh5 49. Qxh5 Nxh5 50. Ne6 Ng3 51. Bf2 Be7 52. Bxg3 hxg3 53. Nxc7
Bf6 54. c5 Bd4+ 0-1

[Event "EUSA open blitz"]
[Site "Budapest"]
[Date "2019.07.28"]
[Round "2.3"]
[White "Harutyunian, Tigran K"]
[Black "Tuncer, Tuna"]
[Result "1-0"]
[WhiteElo "2552"]
[BlackElo "2365"]
[PlyCount "83"]
[EventDate "2019.07.28"]
[EventType "swiss"]
[EventRounds "9"]
[EventCountry "HUN"]

1. c4 c5 2. Nf3 Nc6 3. Nc3 Nf6 4. e3 g6 5. d4 cxd4 6. exd4 d5 7. cxd5 Nxd5 8.
Qb3 Nxc3 9. Bc4 e6 10. bxc3 Bg7 11. Ba3 Bf8 12. Bxf8 Kxf8 13. h4 h6 14. Bd3 Kg7
15. h5 g5 16. O-O b6 17. c4 Qf6 18. Be4 Bb7 19. Bxc6 Bxc6 20. Ne5 Rac8 21. Rfe1
Rhd8 22. Rad1 Ba8 23. d5 exd5 24. cxd5 Rc5 25. Ng4 Qc3 26. Qxc3+ Rxc3 27. d6
Rc5 28. Re7 Rd5 29. Rc1 R8xd6 30. Ne3 Ra5 31. Rc8 Be4 32. Rxe4 Rd2 33. a4 Ra2
34. Rc7 R2xa4 35. Ree7 Rf4 36. g3 Ra1+ 37. Kg2 Rf6 38. Nd5 Rf5 39. Ne3 Rf6 40.
g4 Ra2 41. Nf5+ Kf8 42. Rc8# 1-0

[Event "EUSA open blitz"]
[Site "Budapest"]
[Date "2019.07.28"]
[Round "2.4"]
[White "Sousa, Andre Ventura"]
[Black "Shevchenko, Kirill"]
[Result "0-1"]
[WhiteElo "2362"]
[BlackElo "2536"]
[PlyCount "140"]
[EventDate "2019.07.28"]
[EventType "swiss"]
[EventRounds "9"]
[EventCountry "HUN"]

1. e4 c5 2. Nf3 d6 3. Bb5+ Nd7 4. O-O a6 5. Bd3 Ngf6 6. Re1 g6 7. c3 Bg7 8. Bf1
O-O 9. a4 e5 10. d4 cxd4 11. cxd4 exd4 12. Nxd4 Re8 13. Nc3 d5 14. exd5 Rxe1
15. Qxe1 Nb6 16. Bg5 Nbxd5 17. Nxd5 Qxd5 18. Nf3 Bg4 19. Rd1 Qb3 20. Rd6 Re8
21. Qd2 Ne4 22. Rd8 Qe6 23. Rxe8+ Qxe8 24. Qe3 Qxa4 25. b3 Qb4 26. Bc4 Nxg5 27.
Nxg5 Qf8 28. Bxf7+ Kh8 29. Bc4 h6 30. Ne6 Qf6 31. h3 Qa1+ 32. Kh2 Qe5+ 33. Qxe5
Bxe5+ 34. g3 Bf3 35. Nc5 Bd6 36. Nd3 Kg7 37. Be6 Kf6 38. Bg4 Be4 39. Be2 a5 40.
f3 Bd5 41. Bd1 b5 42. Kg2 Bc6 43. Nb2 Be5 44. Nd3 a4 45. bxa4 bxa4 46. Nb4 a3
47. Bb3 Bb5 48. Nc2 Bb2 49. Kf2 Bc1 50. f4 Bd3 51. Nb4 Be4 52. Ke2 Bg2 53. h4
Bb2 54. Nd3 Bc3 55. Ba2 Bb7 56. Nf2 Ba6+ 57. Kf3 Ke7 58. Ng4 Bg7 59. Ke4 Kd6
60. Ne3 Kc5 61. h5 Bb7+ 62. Kd3 gxh5 63. Nf5 Bf8 64. Nd4 Bd5 65. Ne6+ Kd6 66.
Nxf8 Bxa2 67. Kc3 Bf7 68. Nh7 Ke6 69. Kb3 Bg8 70. Nf8+ Ke7+ 0-1

[Event "EUSA open blitz"]
[Site "Budapest"]
[Date "2019.07.28"]
[Round "2.5"]
[White "Daskalov, Dimitar"]
[Black "Golubka, Petro"]
[Result "0-1"]
[WhiteElo "2305"]
[BlackElo "2483"]
[PlyCount "80"]
[EventDate "2019.07.28"]
[EventType "swiss"]
[EventRounds "9"]
[EventCountry "HUN"]

1. e4 c5 2. Nc3 d6 3. Nf3 a6 4. d4 cxd4 5. Nxd4 e6 6. Be3 Nf6 7. g4 h6 8. Rg1
g5 9. Qd2 Nbd7 10. O-O-O Ne5 11. Be2 b5 12. f3 Nfd7 13. h4 Be7 14. hxg5 hxg5
15. Rh1 Rg8 16. Kb1 Bb7 17. Nb3 Rc8 18. Rh3 b4 19. Na4 d5 20. exd5 Bxd5 21.
Bxa6 Nxf3 22. Qe2 Nfe5 23. Bxc8 Qxc8 24. Nb6 Nxb6 25. Bxb6 Ng6 26. Be3 Qb7 27.
Re1 Nf4 28. Bxf4 gxf4 29. Rh7 f3 30. Qf2 Rxg4 31. Rh8+ Kd7 32. Nc5+ Bxc5 33.
Qxc5 Qc7 34. Qf8 Kc6 35. Qa8+ Kb6 36. Rb8+ Bb7 37. Rd1 f2 38. Rxb7+ Qxb7 39.
Rd6+ Kc5 40. Qa5+ Kxd6 0-1

[Event "EUSA open blitz"]
[Site "Budapest"]
[Date "2019.07.28"]
[Round "2.6"]
[White "Kaczur, Florian"]
[Black "Lewicki, Miroslaw"]
[Result "0-1"]
[WhiteElo "2463"]
[BlackElo "2351"]
[PlyCount "98"]
[EventDate "2019.07.28"]
[EventType "swiss"]
[EventRounds "9"]
[EventCountry "HUN"]

1. Nf3 c5 2. b3 Nf6 3. Bb2 e6 4. c4 d5 5. g3 d4 6. e3 Nc6 7. exd4 cxd4 8. Bg2
Bc5 9. O-O O-O 10. d3 Re8 11. Re1 e5 12. a3 a5 13. Nbd2 Bf5 14. Qc2 h6 15. h3
Qd6 16. Nh4 Bh7 17. g4 Rad8 18. Nf5 Bxf5 19. gxf5 Qd7 20. Ne4 Be7 21. Nxf6+
Bxf6 22. Be4 Ne7 23. b4 Nxf5 24. c5 Nh4 25. Kh2 Bg5 26. Bc1 Bxc1 27. Raxc1 axb4
28. axb4 Qe7 29. Rg1 f5 30. Qc4+ Kh8 31. Bd5 e4 32. Kh1 e3 33. Rcf1 e2 34. Re1
Qd7 35. Bg2 f4 36. f3 Nxf3 37. b5 Nxg1 38. Kxg1 Qe7 39. Bf3 Qe3+ 40. Kg2 Re5
41. h4 Qd2 42. Kf2 Rde8 43. c6 bxc6 44. bxc6 Qe3+ 45. Kg2 R5e6 46. Qd5 Rg6+ 47.
Kh3 Rg3+ 48. Kh2 Qf2+ 49. Bg2 Rh3+ 0-1

[Event "EUSA open blitz"]
[Site "Budapest"]
[Date "2019.07.28"]
[Round "3.1"]
[White "Golubka, Petro"]
[Black "Chigaev, Maksim"]
[Result "1/2-1/2"]
[WhiteElo "2483"]
[BlackElo "2640"]
[PlyCount "214"]
[EventDate "2019.07.28"]
[EventType "swiss"]
[EventRounds "9"]
[EventCountry "HUN"]

1. e4 e5 2. Nf3 Nc6 3. Bb5 a6 4. Ba4 Nf6 5. O-O Be7 6. Re1 b5 7. Bb3 d6 8. c3
O-O 9. h3 Na5 10. Bc2 c5 11. d4 Nd7 12. Nbd2 exd4 13. cxd4 Nc6 14. d5 Nce5 15.
Nh2 Ng6 16. Ndf1 c4 17. Ng3 Nc5 18. Be3 Bf6 19. Rb1 Qc7 20. Nh5 Be7 21. Bd4 f6
22. f4 Kh8 23. Ng4 a5 24. Ne3 Rf7 25. Nf5 Bf8 26. Qf3 b4 27. Rbc1 a4 28. Bb1 c3
29. bxc3 b3 30. c4 Rb8 31. a3 Bxf5 32. exf5 Ne7 33. Bb2 Ng8 34. g4 Be7 35. Kg2
Qd7 36. Ng3 Bd8 37. h4 Ba5 38. Re6 Qd8 39. g5 Rf8 40. Rh1 Rb7 41. Kh3 Rc7 42.
Re2 Nd7 43. Bd3 Nb6 44. Re4 Qc8 45. Qe2 Nd7 46. Rc1 Nc5 47. Re6 Qd7 48. Kg2 Qd8
49. Bb1 Rd7 50. h5 h6 51. g6 Rc7 52. Kf3 Ne7 53. Bd4 Nc8 54. Ne4 Nxe4 55. Qxe4
Bb6 56. Bb2 Ba5 57. Rd1 Rg8 58. Rd3 Nb6 59. Rd4 Qf8 60. Qe2 Nd7 61. Re7 Nc5 62.
Rxc7 Bxc7 63. Rd1 Qe8 64. Qxe8 Rxe8 65. Bd4 Bb6 66. Rd2 Kg8 67. Re2 Rxe2 68.
Kxe2 Kf8 69. Bb2 Ke7 70. Kf3 Nd7 71. Ke4 Bc5 72. Bd3 Bg1 73. Bb1 Bc5 74. Kd3
Kd8 75. Ke4 Bb6 76. Kd3 Ke7 77. Ke4 Nc5+ 78. Kf3 Nb7 79. Bd3 Bc5 80. Ke2 Na5
81. Kd2 Nb7 82. Ke2 Bg1 83. Kd2 Nc5 84. Bb1 Bh2 85. Ke3 Bg1+ 86. Kd2 Kf8 87.
Ke2 Nb7 88. Bd3 Bc5 89. Kd2 Na5 90. Ke2 Ke7 91. Kd2 Bb6 92. Ke2 Nb7 93. Kd2 Nc5
94. Bb1 Bd8 95. Ke2 Kd7 96. Kd2 Kc7 97. Ke2 Kb6 98. Bd4 Kb7 99. Bb2 Ka6 100.
Kf3 Nd7 101. Ke2 Bb6 102. Be4 Bc5 103. Kd2 Kb6 104. Ke2 Kc7 105. Kd2 Kd8 106.
Ke2 Ke7 107. Kd2 Nb6 1/2-1/2

[Event "EUSA open blitz"]
[Site "Budapest"]
[Date "2019.07.28"]
[Round "3.2"]
[White "Predke, Alexandr"]
[Black "Barbot, Pierre"]
[Result "1-0"]
[WhiteElo "2632"]
[BlackElo "2441"]
[PlyCount "25"]
[EventDate "2019.07.28"]
[EventType "swiss"]
[EventRounds "9"]
[EventCountry "HUN"]

1. Nc3 e5 2. Nf3 Nc6 3. d4 exd4 4. Nxd4 Nf6 5. Bg5 h6 6. Bxf6 Qxf6 7. Ndb5 Qd8
8. Nd5 Bb4+ 9. c3 Ba5 10. b4 Bb6 11. a4 a5 12. Nxb6 cxb6 13. Qd6 1-0

[Event "EUSA open blitz"]
[Site "Budapest"]
[Date "2019.07.28"]
[Round "3.3"]
[White "Galburd, Yan"]
[Black "Harutyunian, Tigran K"]
[Result "1/2-1/2"]
[WhiteElo "2429"]
[BlackElo "2552"]
[PlyCount "174"]
[EventDate "2019.07.28"]
[EventType "swiss"]
[EventRounds "9"]
[EventCountry "HUN"]

1. d4 Nf6 2. Bf4 d5 3. e3 e6 4. Nf3 Bd6 5. Bxd6 Qxd6 6. c4 b6 7. Nc3 a6 8. cxd5
exd5 9. Bd3 O-O 10. h3 Be6 11. Rc1 c5 12. O-O c4 13. Bb1 Nc6 14. e4 dxe4 15.
Nxe4 Nxe4 16. Bxe4 Bd5 17. Bxd5 Qxd5 18. b3 Na5 19. bxc4 Nxc4 20. Qb3 b5 21. a4
Rfc8 22. Rfd1 h6 23. axb5 axb5 24. Ne5 Ra3 25. Qxa3 Nxa3 26. Rxc8+ Kh7 27. Rc5
Qb3 28. Rd3 Qb1+ 29. Kh2 f6 30. Rxa3 fxe5 31. Rxe5 b4 32. Rg3 Qa1 33. Rd5 Qa7
34. Rc5 Qb6 35. Rc1 b3 36. Rb1 b2 37. Rd3 Qc7+ 38. g3 Qc2 39. Rdd1 Qxf2+ 40.
Kh1 Qxg3 41. d5 Qxh3+ 42. Kg1 Qg3+ 43. Kh1 Qf3+ 44. Kg1 Qg4+ 45. Kf2 Qf4+ 46.
Ke2 Qd6 47. Ke3 h5 48. Ke4 h4 49. Rxb2 Qg6+ 50. Ke3 Qg3+ 51. Kd2 h3 52. Kc1 h2
53. d6 Qxd6 54. Rxd6 h1=Q+ 55. Rd1 Qe4 56. Rdd2 g5 57. Re2 Qd3 58. Rbd2 Qc3+
59. Rc2 Qa1+ 60. Kd2 Qd4+ 61. Kc1 Kg6 62. Rc6+ Kh5 63. Rcc2 g4 64. Kb1 Qb4+ 65.
Ka2 g3 66. Red2 Kg4 67. Re2 Kf3 68. Red2 Ke3 69. Re2+ Kd3 70. Rg2 Qb8 71. Ka3
Qf4 72. Kb2 Qb4+ 73. Ka2 Qa5+ 74. Kb2 Qb6+ 75. Ka2 Qa7+ 76. Kb2 Qb8+ 77. Ka2
Ke3 78. Rge2+ Kf3 79. Red2 Qb5 80. Rc3+ Ke4 81. Rcc2 Ke3 82. Rg2 Qa6+ 83. Kb2
Qb7+ 84. Ka2 Qb8 85. Rxg3+ Qxg3 86. Rc3+ Kf2 87. Rxg3 Kxg3 1/2-1/2

[Event "EUSA open blitz"]
[Site "Budapest"]
[Date "2019.07.28"]
[Round "3.4"]
[White "Zaslavsky, Mikhail"]
[Black "Shevchenko, Kirill"]
[Result "0-1"]
[WhiteElo "2405"]
[BlackElo "2536"]
[PlyCount "110"]
[EventDate "2019.07.28"]
[EventType "swiss"]
[EventRounds "9"]
[EventCountry "HUN"]

1. f4 b6 2. Nf3 Bb7 3. e3 g6 4. c4 Bg7 5. Nc3 c5 6. b3 Nf6 7. Bb2 O-O 8. Be2 d5
9. cxd5 Nxd5 10. Na4 Bxb2 11. Nxb2 Nc6 12. O-O Qc7 13. Rc1 Rfd8 14. Qe1 f6 15.
Nc4 Kg7 16. f5 g5 17. d4 cxd4 18. Nxd4 Nxd4 19. exd4 Nf4 20. Bf3 Nd3 21. Nxb6
Qxb6 22. Qxe7+ Kh8 23. Bxb7 Qxd4+ 24. Kh1 Rd7 25. Qe4 Qxe4 26. Bxe4 Nxc1 27.
Bxa8 Nxa2 28. h3 Nc3 29. Rc1 Rd1+ 30. Rxd1 Nxd1 31. Kg1 Kg7 32. Kh2 Kf7 33.
Bd5+ Ke7 34. Kg3 Ne3 35. Be6 Nc2 36. Kg4 Nd4 37. Bc4 Kd6 38. Bd3 Ke5 39. g3
Nxb3 40. Kh5 Nc5 41. Bc2 Ne4 42. g4 Nf2 43. h4 gxh4 44. Kxh4 Kf4 45. Kh5 Nxg4
46. Bd1 Ne3 47. Bb3 Nxf5 48. Bg8 a5 49. Bxh7 a4 50. Bg8 a3 51. Ba2 Ne3 52. Kh4
Nd1 53. Bb3 Nc3 54. Kh3 a2 55. Bxa2 Nxa2 0-1

[Event "EUSA open blitz"]
[Site "Budapest"]
[Date "2019.07.28"]
[Round "3.5"]
[White "Lewicki, Miroslaw"]
[Black "Kalogridakis, Georgios"]
[Result "1-0"]
[WhiteElo "2351"]
[BlackElo "2134"]
[PlyCount "105"]
[EventDate "2019.07.28"]
[EventType "swiss"]
[EventRounds "9"]
[EventCountry "HUN"]

1. e4 c5 2. Nf3 d6 3. d4 cxd4 4. Nxd4 Nf6 5. Nc3 a6 6. Be2 e5 7. Nb3 Be7 8. O-O
Be6 9. f4 exf4 10. Bxf4 Nc6 11. Kh1 O-O 12. Nd4 Ne5 13. Nxe6 fxe6 14. Bxe5 dxe5
15. Bc4 Qb6 16. Bb3 Rad8 17. Qf3 Kh8 18. Rad1 Rd4 19. Rde1 Rfd8 20. Qh3 Rd2 21.
Re3 Bb4 22. Qf3 Qd4 23. h3 Nh5 24. Ne2 Qb6 25. Rd3 R2xd3 26. cxd3 Nf6 27. g4 h6
28. h4 Qd6 29. g5 Ng8 30. gxh6 Nxh6 31. Bc2 Rf8 32. Qg2 Rxf1+ 33. Qxf1 Qe7 34.
Qf2 Bc5 35. Qg3 Qf6 36. Kg2 Nf7 37. Bb3 Nh6 38. Ng1 Kh7 39. Nf3 Nf7 40. Qg4 Qf4
41. Qxf4 exf4 42. Bxe6 Nd8 43. Bc8 a5 44. d4 Be7 45. Kh3 Kh6 46. Kg4 Nc6 47.
Bxb7 Nb4 48. a3 Nd3 49. b4 axb4 50. axb4 Bxb4 51. e5 Kg6 52. Be4+ Kf7 53. Bxd3
1-0

[Event "EUSA open blitz"]
[Site "Budapest"]
[Date "2019.07.28"]
[Round "3.6"]
[White "Petrosyan, Tigran S"]
[Black "Korpa, Bence"]
[Result "1-0"]
[WhiteElo "2448"]
[BlackElo "2523"]
[PlyCount "83"]
[EventDate "2019.07.28"]
[EventType "swiss"]
[EventRounds "9"]
[EventCountry "HUN"]

1. Nf3 c5 2. e4 e6 3. g3 b6 4. d4 cxd4 5. Nxd4 Bb7 6. Bg2 a6 7. O-O d6 8. c4
Nd7 9. Nc3 Ngf6 10. Re1 Qc7 11. Be3 Be7 12. Rc1 O-O 13. f4 Rac8 14. g4 g6 15.
f5 Nc5 16. Bf2 e5 17. Nc2 h5 18. g5 Ng4 19. f6 Nxf2 20. Kxf2 Bd8 21. Ne3 b5 22.
Ncd5 Bxd5 23. Nxd5 Qa7 24. Kg3 Ne6 25. cxb5 Rxc1 26. Qxc1 h4+ 27. Kg4 Qf2 28.
Bf3 Qxh2 29. Rg1 axb5 30. Rg2 Qxg2+ 31. Bxg2 Ba5 32. b4 Bd8 33. Qc6 Nd4 34. Qd7
Nc2 35. Kxh4 Ne1 36. Bh3 Nf3+ 37. Kg4 Nd4 38. Kg3 Kh7 39. Bg4 Nc2 40. Qxb5 Nd4
41. Qd7 Kg8 42. a4 1-0

[Event "EUSA open blitz"]
[Site "Budapest"]
[Date "2019.07.28"]
[Round "4.1"]
[White "Shevchenko, Kirill"]
[Black "Lewicki, Miroslaw"]
[Result "1-0"]
[WhiteElo "2536"]
[BlackElo "2351"]
[PlyCount "93"]
[EventDate "2019.07.28"]
[EventType "swiss"]
[EventRounds "9"]
[EventCountry "HUN"]

1. d4 Nf6 2. c4 e6 3. Nc3 d5 4. Nf3 Be7 5. g3 O-O 6. Bg2 b6 7. cxd5 exd5 8. O-O
Bb7 9. Bf4 Qc8 10. Rc1 Na6 11. Ne5 Rd8 12. Qa4 c5 13. Rfd1 Qe6 14. Nb5 h6 15.
dxc5 bxc5 16. Nc4 Qd7 17. Na5 c4 18. Nxb7 Qxb7 19. Qxc4 Rac8 20. Qa4 Nc5 21.
Qa5 a6 22. Nc3 Nce4 23. Nxe4 dxe4 24. Rxd8+ Rxd8 25. Be5 Rd5 26. Qc7 Qb5 27.
Bxf6 Bxf6 28. Bxe4 Rd7 29. Qc8+ Rd8 30. Qc6 Bxb2 31. Qxb5 axb5 32. Rc5 b4 33.
Rc7 Be5 34. Rb7 Bc3 35. Bc2 Rd6 36. Bb3 Rf6 37. f4 g5 38. e3 Kg7 39. Kg2 g4 40.
e4 h5 41. e5 Ra6 42. Rxf7+ Kg6 43. f5+ Kg5 44. e6 Rd6 45. Kf2 Rd2+ 46. Ke3 h4
47. e7 1-0

[Event "EUSA open blitz"]
[Site "Budapest"]
[Date "2019.07.28"]
[Round "4.3"]
[White "Harutyunian, Tigran K"]
[Black "Petrosyan, Tigran S"]
[Result "1/2-1/2"]
[WhiteElo "2552"]
[BlackElo "2448"]
[PlyCount "83"]
[EventDate "2019.07.28"]
[EventType "swiss"]
[EventRounds "9"]
[EventCountry "HUN"]

1. Nf3 Nf6 2. d4 d5 3. e3 c6 4. c4 g6 5. Nc3 Bg7 6. h3 O-O 7. Be2 Nbd7 8. O-O
b6 9. b3 Bb7 10. Ba3 Re8 11. Rc1 dxc4 12. bxc4 e5 13. d5 cxd5 14. cxd5 e4 15.
Nd4 Nxd5 16. Nxd5 Bxd5 17. Nf5 gxf5 18. Qxd5 Ne5 19. Qb3 Qg5 20. Rc7 f4 21.
exf4 Qxf4 22. Rfc1 Rad8 23. Bb2 Nd3 24. Bxd3 exd3 25. R7c4 Qxc4 26. Qxc4 d2 27.
Rd1 Re1+ 28. Kh2 Rxd1 29. Qg4 f6 30. Bxf6 Rh1+ 31. Kg3 Rd3+ 32. Kh4 Rd7 33.
Qc4+ Rf7 34. Qc8+ Bf8 35. Qg4+ Bg7 36. Qc8+ Bf8 37. Qg4+ Bg7 38. Qc8+ Bf8 39.
Qg4+ Bg7 40. Qc8+ Rf8 41. Qg4 Rf7 42. Qc8+ 1/2-1/2

[Event "EUSA open blitz"]
[Site "Budapest"]
[Date "2019.07.28"]
[Round "4.4"]
[White "Galburd, Yan"]
[Black "Golubka, Petro"]
[Result "0-1"]
[WhiteElo "2429"]
[BlackElo "2483"]
[PlyCount "59"]
[EventDate "2019.07.28"]
[EventType "swiss"]
[EventRounds "9"]
[EventCountry "HUN"]

1. d4 d5 2. Bf4 Nf6 3. e3 c6 4. c4 g6 5. Nc3 Bg7 6. Nf3 O-O 7. Be2 Bg4 8. cxd5
Nxd5 9. Nxd5 Qxd5 10. O-O Nd7 11. h3 Bxf3 12. Bxf3 Qb5 13. a4 Qb4 14. Ra3 e5
15. dxe5 Nxe5 16. Be2 Qxb2 17. Rb3 Qa2 18. Re1 Rad8 19. Qb1 Qxb1 20. Rexb1 b6
21. Rc1 c5 22. a5 Rd2 23. Bf1 Nd7 24. axb6 axb6 25. Bc7 Ra8 26. Bxb6 Rb2 27.
Rxb2 Bxb2 28. Rc2 Be5 29. Rc4 Nxb6 30. Rxc5 0-1

[Event "EUSA open blitz"]
[Site "Budapest"]
[Date "2019.07.28"]
[Round "4.5"]
[White "Kaczur, Florian"]
[Black "Tuncer, Tuna"]
[Result "1/2-1/2"]
[WhiteElo "2463"]
[BlackElo "2365"]
[PlyCount "126"]
[EventDate "2019.07.28"]
[EventType "swiss"]
[EventRounds "9"]
[EventCountry "HUN"]

1. b3 d5 2. Bb2 Bf5 3. Nf3 e6 4. g3 c6 5. Bg2 h6 6. O-O Nf6 7. c4 Be7 8. d3 O-O
9. Nbd2 Bh7 10. Qc2 Nbd7 11. Rac1 a5 12. a3 Qb8 13. Qb1 Rc8 14. Qa1 b5 15. Ne5
Qb7 16. Nxd7 Qxd7 17. Rfd1 Rab8 18. Be5 Ra8 19. e4 Ne8 20. h3 Bf6 21. cxd5 cxd5
22. exd5 exd5 23. Qd4 Bxe5 24. Qxe5 Nf6 25. Qd4 Rxc1 26. Rxc1 Rc8 27. Rxc8+
Qxc8 28. Nf3 Qc2 29. Ne5 Qxb3 30. Qb6 Bxd3 31. Qd8+ Kh7 32. Nxf7 Be4 33. Qh8+
Kg6 34. Ne5+ Kf5 35. f3 Kxe5 36. Qb8+ Kf5 37. Qf4+ Kg6 38. fxe4 dxe4 39. Bxe4+
Nxe4 40. Qxe4+ Kf7 41. Qf5+ Kg8 42. Qc8+ Kh7 43. Qf5+ Kg8 44. Qc8+ Kh7 45. Qf5+
Kg8 46. Qc8+ Kh7 47. Qf5+ g6 48. Qd7+ Kg8 49. Qd8+ Kf7 50. Qd7+ Kf6 51. Qd4+
Ke6 52. Qe4+ Kf7 53. Qf4+ Ke6 54. Qe4+ Kf7 55. Qf4+ Ke6 56. Qe4+ Kf7 57. Qf4+
Ke6 58. Qe4+ Kf7 59. Qf4+ Ke6 60. Qe4+ Kf7 61. Qf4+ Ke6 62. Qe4+ Kf7 63. Qf4+
Ke6 1/2-1/2

[Event "EUSA open blitz"]
[Site "Budapest"]
[Date "2019.07.28"]
[Round "4.6"]
[White "Barbot, Pierre"]
[Black "Daskalov, Dimitar"]
[Result "1-0"]
[WhiteElo "2441"]
[BlackElo "2305"]
[PlyCount "65"]
[EventDate "2019.07.28"]
[EventType "swiss"]
[EventRounds "9"]
[EventCountry "HUN"]

1. Nf3 d6 2. d4 g6 3. c4 Bg7 4. Nc3 Nd7 5. e4 e5 6. d5 f5 7. exf5 gxf5 8. Ng5
Ndf6 9. Be2 Qe7 10. Bh5+ Nxh5 11. Qxh5+ Kd7 12. Ne6 Nf6 13. Qxf5 Ke8 14. Bg5
Rf8 15. Bxf6 Bxe6 16. Qh5+ Bf7 17. Bxe7 Bxh5 18. Bxf8 Kxf8 19. O-O Ke7 20. f4
Rg8 21. Rae1 Kd7 22. fxe5 Bxe5 23. Ne4 Rg6 24. b3 b6 25. Rf7+ Kc8 26. Rxh7 Bf3
27. Ng3 Bg4 28. Rf1 Bd4+ 29. Kh1 b5 30. Rff7 Bb6 31. Rhg7 Rxg7 32. Rxg7 Bd7 33.
h4 1-0